00661nam a2200193Ia 4500008004100000020001800041082001600059100001900075245006900094250000800163260004200171300002700213500001900240600003400259650001500293942000700308952013500315999001700450240925s9999 xx 000 0 und d a9788131719534 a621.382 TOM aTomasi , Wayne 0aElectronic Communications Systems: fundamentals through advanced a5th aNew Delhi:bPearson Educationc,2004. axx,619p.bNAfOriginal aIncludes Index aTelecommunication Engineering aTechnology cBK 001040708ELaUITUbUITUd2012-04-09eParamount Book Pvt Ltdg975.00l0o621.382 TOMpQ9140r2024-09-25 07:15:13w2024-09-25yBK c11639d11639